| 000 | 00323nam a22001217a 4500 | ||
|---|---|---|---|
| 082 |
_a347 _bBAN |
||
| 245 |
_a4000 Questions for Cross Examination in Civil Cases/ _cB. L. Bansal |
||
| 260 |
_aDelhi: _bCapital Publishing House, _c2011. |
||
| 300 |
_a574p. _c24cm. |
||
| 563 | _aHB | ||
| 650 |
_aLaw _935302 |
||
| 942 |
_2ddc _cBK |
||
| 999 |
_c612962 _d612962 |
||